书目信息 |
| 题名: |
宋四家词选译
|
|
| 作者: | 柳永 著 ;王晓波 译注 | |
| 分册: | ||
| 出版信息: | 成都 巴蜀书社 1991.10 |
|
| 页数: | 201页 | |
| 开本: | 19cm | |
| 丛书名: | 古代文史名著选译丛书 | |
| 单 册: | ||
| 中图分类: | I222.844 , I211 | |
| 科图分类: | ||
| 主题词: | 宋词--中国--选集 , 宋词 , 文学--作品集--中国 | |
| 电子资源: | ||
| ISBN: | 7-80523-358-6 | |
| 000 | 00881oam2 2200301 450 | |
| 001 | 1570317293 | |
| 005 | 20150121193242.21 | |
| 010 | @a7-80523-358-6 | |
| 100 | @a19920528d1991 em y0chiy0110 ea | |
| 101 | 0 | @achi |
| 102 | @aCN@b510000 | |
| 105 | @af zr 000gy | |
| 200 | 1 | @a宋四家词选译@9song si jia ci xuan yi@f(宋)柳 永等著@g王晓波译注 |
| 210 | @a成都@c巴蜀书社@d1991.10 | |
| 215 | @a201页@c插图@d19cm | |
| 225 | 2 | @a古代文史名著选译丛书@i宋元明清@f章培恒等主编 |
| 300 | @a国家教委古籍整理“七·五”规划重点项目 | |
| 461 | 0 | @12001 @a古代文史名著选译丛书 |
| 462 | 0 | @12001 @a宋元明清 |
| 606 | 0 | @a宋词@y中国@x选集 |
| 606 | 0 | @a宋词 |
| 606 | 0 | @a文学@x作品集@x中国 |
| 690 | @aI222.844@v三版 | |
| 690 | @aI211@v4 | |
| 701 | 0 | @c(宋)@a柳永@9liu yong@4著 |
| 702 | 0 | @a王晓波@9wang xiao bo@4译注 |
| 801 | 0 | @aCN@bTSSF@c20150121 |
| 905 | @aZUCC@dI211@eJY85 | |
| 宋四家词选译/(宋)柳 永等著/王晓波译注.-成都:巴蜀书社,1991.10 |
| 201页:插图;19cm.-(古代文史名著选译丛书.宋元明清/章培恒等主编) |
| 国家教委古籍整理“七·五”规划重点项目 |
| ISBN 7-80523-358-6: |
| ● |
| 相关链接 |
|
|
|
|
正题名:宋四家词选译
索取号:I211/JY85
 
预约/预借
| 序号 | 登录号 | 条形码 | 馆藏地/架位号 | 状态 | 备注 |
| 1 | 7855983 | 278559837 | 学院路分馆/ [索取号:I211/JY85] | 在馆 | |
| 2 | 7855984 | 278559846 | 学院路分馆/ [索取号:I211/JY85] | 在馆 |